| 000 | 00367 a2200121 4500 | ||
|---|---|---|---|
| 001 | ART_27811 | ||
| 005 | 20260410161949.0 | ||
| 008 | 260409a | ||
| 245 | 1 | 0 | _aArgumentación sin dogmatismo y crítica sin escepticismo |
| 100 | 1 | _aSalvatori, Mario J. | |
| 700 | 1 | _aTrapani, Daniel A. | |
| 773 | 0 |
_tInvenio _g- Año 2, Nº 3 (jun. 1999) _wREV27781 |
|
| 999 |
_c30244 _d30244 |
||